[Event "IECC CL1-1998.06"]
[Site "IECC email"]
[Date "1998.05.09"]
[Round "?"]
[White "Kindt, Rene"]
[Black "Baker, Dennis C"]
[Result "1-0"]
[WhiteElo "2251"]
[BlackElo "2200"]
[PlyCount "25"]
[EventDate "1998.??.??"]
[EventType "tourn (corr)"]
[EventRounds "4"]
[SourceTitle "Corr 2008"]
[Source "ChessBase"]
[SourceDate "2008.06.24"]
[SourceVersion "1"]
[SourceVersionDate "2008.06.24"]
[SourceQuality "1"]

1. e4 e6 2. d4 d5 3. Nd2 c5 4. Ngf3 cxd4 5. Nxd4 Nf6 6. exd5 Nxd5 7. N2f3 Be7 8. Bd3 Nc6 9. Nxc6 bxc6 10. c3 Rb8 11. 0-0 0-0 12. c4 Nb4 13. Bf4 1-0